000 01282nam a2200313 i 4500
003 EG-GICUC
005 20260121101333.0
008 251123s1982 ua ||||fr|||| 001 0 ara d
017 _a1982/3712
040 _a EG-GICUC
_bara
_c EG-GICUC
_d EG-GICUC
_erda
041 _aara
082 0 4 _a343.4
_bأ ن . ت
_221
092 0 4 _221
099 _aLaw1 10 343.4 أ ن . ت 1982 1006151
100 0 _aأنور طلبة.
_eمؤلف.
245 1 2 _aالتشريعات التموينية :
_bنصوص معدلة، شرح للتشريعات، أحكام القضاء، القيود والأوصاف القانونية لجرائم التموين : مع أحدث أحكام النقض /
_cالمستشار أنور طلبة.
264 1 _aالقاهرة :
_bدار النشر للثقافة،
_c1982.
300 _a629 صفحة ؛
_c24 سم.
336 _2rda content
_atext
337 _2rda media
_aComputer
338 _2rda carrier
_aOnline Resource
504 _aيشتمل على ارجاعات ببليوجرافية.
546 _aالنص باللغة العربية
650 1 _aالتشريعات الجنائية الخاصة.
_2qrmak
651 1 _2qrmak
856 4 0 _uhttps://fll.law.cu.edu.eg/fulltext/bks/B10-06151.pdf
905 _a18
942 _2ddc
_n0
_cBK
_e21
999 _c45373
_d45373